Carta de un moderado al Excmo. Sr. Don Justo Medio / (Record no. 152985)

MARC details
000 -LEADER
campo de control de longitud fija 00700nam a22001575i 4500
001 - NÚMERO DE CONTROL
campo de control 152985
003 - IDENTIFICADOR DE NÚMERO DE CONTROL
campo de control ES-MaACL
005 - FECHA Y HORA DE LA ÚLTIMA TRANSACCIÓN
campo de control 20230906204949.0
008 - DATOS DE LONGITUD FIJA--INFORMACIÓN GENERAL
campo de control de longitud fija 040916s1838 sp |||| | spa d
245 00 - MENCIÓN DEL TÍTULO
Título Carta de un moderado al Excmo. Sr. Don Justo Medio /
Mención de responsabilidad, etc. la publica C. Montalvo y Collantes.
260 ## - PUBLICACIÓN, DISTRIBUCIÓN, ETC.
Lugar de publicación, distribución, etc. Madrid :
Nombre del editor, distribuidor, etc. Se hallará de venta en las librerías de la viuda de Cruz..., en la de Escamilla..., y en la de la viuda de Miyar...,
Fecha de publicación, distribución, etc. 1838 (
Fabricante Imp. de Narciso Sánchez)
300 ## - DESCRIPCIÓN FÍSICA
Extensión 20 p. ;
Dimensiones 20 cm.
596 ## - NOTA AL PIE DE IMPRENTA
NOTA AL PIE DE IMPRENTA Editores tomados de verso de la port.
700 1# - ENTRADA AGREGADA--NOMBRE PERSONAL
Nombre de persona Montalvo y Collantes, Calisto de.
9 (RLIN) 130078
852 4# - LOCALIZACIÓN
Ubicación ES-MaACL
Número de control de estantería T-12-F-16
Nota libre - Enc. hol.
-- - Enc. en un vol. facticio
Holdings
Estatus retirado Estado de pérdida Estado de daño No para préstamo Colección Biblioteca de origen Biblioteca actual Ubicación en estantería Fecha de adquisición Total de préstamos Signatura topográfica completa Código de barras Visto por última vez Precio de reemplazo Tipo de ítem Koha
        Colección de folletos Biblioteca del Ateneo de Madrid Biblioteca del Ateneo de Madrid Depósito folletos 17/01/2008   T-12-F-16 1159820 23/02/2023 23/02/2023 Folleto